Statistics for Rick and Morty Season 2 Episodes

Click here to take the quiz!

General Stats

  • This quiz has been taken 18 times
  • The average score is 7 of 10

Answer Stats

# Episode % Correct
4Total Rickall
100%
1A Rickle in Time
86%
5Get Schwifty
86%
6The Ricks Must Be Crazy
86%
9Look Who's Purging Now
86%
2Mortynight Run
71%
10The Wedding Squanchers
71%
7Big Trouble in Little Sanchez
57%
3Auto Erotic Assimilation
43%
8Interdimensional Cable 2: Tempting Fate
43%

Score Distribution

Percentile by Number Answered

Percent of People with Each Score

Your Score History

You have not taken this quiz